000 00370pab a2200133 454500
008 180718b xxu||||| |||| 00| 0 eng d
100 _aUmesh Nila
245 _aEntrepreneurship among tribals: a new approach
362 _a36(5), 12 Sept 93, p.16-21
650 _a Tribes and Tribal Systems -- India
650 _aEntrepreneurs -- India
773 _aLink
909 _a25367
999 _c25367
_d25367